| 000 | 00438 a2200181 4500 | ||
|---|---|---|---|
| 020 | _a9781430234494 | ||
| 082 | _a005.133 | ||
| 090 |
_c7093 _d7093 |
||
| 100 | _a Katz, Max | ||
| 110 | _aShaikovsky, Ilya | ||
| 245 |
_aPractical richfaces _cMax Katz |
||
| 250 | _a2nd ed. | ||
| 260 |
_aNew York _bApress _c2011 |
||
| 300 | _a392 p. | ||
| 650 | _aWeb sites--Design--JavaServer pages | ||
| 700 | _aMax Katz | ||
| 942 |
_cBK _k005.133 KAT |
||
| 999 |
_c10898 _d10898 |
||